[Event "Hamedan op"]
[Site "Hamedan"]
[Date "2017.08.17"]
[Round "9"]
[White "Abedi, Shahin"]
[Black "Asgari, Morteza"]
[Result "1/2-1/2"]
[WhiteElo "2075"]
[BlackElo "2189"]
[PlyCount "123"]
[EventDate "2017.08.12"]
[EventType "swiss"]
[EventRounds "11"]
[EventCountry "IRI"]
[SourceTitle "CBM 180 Extra"]
[Source "ChessBase"]
[SourceDate "2017.10.06"]
[SourceVersion "1"]
[SourceVersionDate "2017.10.06"]
[SourceQuality "1"]

1. Nf3 Nf6 2. b3 g6 3. Bb2 Bg7 4. g3 0-0 5. Bg2 d5 6. c4 Nc6 7. 0-0 d4 8. d3 Nd7 9. Na3 Nc5 10. Nc2 a5 11. Ba3 Na6 12. Bc1 e5 13. a3 Nc5 14. b4 axb4 15. axb4 Rxa1 16. Nxa1 Nxb4 17. Ba3 Nba6 18. Nb3 Qe7 19. Nxc5 Nxc5 20. Nd2 b6 21. Nb3 Bg4 22. h3 Bd7 23. Nxc5 bxc5 24. Qb3 Re8 25. Qb7 Qd6 26. Kh2 Bf8 27. Rb1 Kg7 28. Bc1 f5 29. Ra1 c6 30. Ra7 Re7 31. Qb6 Rf7 32. Bg5 h6 33. Bd8 Qe6 34. Bc7 e4 35. Qb8 Qe8 36. Be5+ Kh7 37. Qxe8 Bxe8 38. Rxf7+ Bxf7 39. Kg1 Be6 40. Kf1 Kg8 41. Ke1 Kf7 42. Kd2 Ke7 43. Kc2 Kd7 44. Kb3 Bd6 45. Bxd6 Kxd6 46. dxe4 fxe4 47. Bxe4 g5 48. g4 Bd7 49. Ka4 Be8 50. Ka5 Bf7 51. Bd3 Kc7 52. Ka6 h5 53. f3 h4 54. Ka7 Be6 55. Ka6 Bc8+ 56. Ka7 Be6 57. Ka6 Bf7 58. Ka7 Be8 59. Ka6 Bd7 60. Be4 Bc8+ 61. Ka7 Be6 62. Bd3 1/2-1/2

[Event "Hamedan op"]
[Site "Hamedan"]
[Date "2017.08.17"]
[Round "8"]
[White "Asgari, Morteza"]
[Black "Ali Babaei, Sasan"]
[Result "1-0"]
[WhiteElo "2189"]
[BlackElo "2038"]
[PlyCount "65"]
[EventDate "2017.08.12"]
[EventType "swiss"]
[EventRounds "11"]
[EventCountry "IRI"]
[SourceTitle "CBM 180 Extra"]
[Source "ChessBase"]
[SourceDate "2017.10.06"]
[SourceVersion "1"]
[SourceVersionDate "2017.10.06"]
[SourceQuality "1"]

1. e4 e5 2. Nf3 Nc6 3. Bb5 Bc5 4. c3 Nf6 5. d4 Bb6 6. Nxe5 Nxe5 7. dxe5 Nxe4 8. Qg4 Bxf2+ 9. Ke2 Qh4 10. Qxg7 Rf8 11. Nd2 Bc5 12. Nf3 Qf2+ 13. Kd1 Be7 14. Nd4 Qh4 15. Kc2 a6 16. Bd3 d5 17. exd6 Nxd6 18. Bh6 Bf5 19. Nxf5 Nxf5 20. Bxf5 Qf2+ 21. Kb3 Qxf5 22. Rad1 c5 23. a3 Qe6+ 24. Kc2 Qf5+ 25. Kc1 Rd8 26. Rhe1 Rxd1+ 27. Kxd1 Kd8 28. Rxe7 Qb1+ 29. Ke2 Qc2+ 30. Kf3 Qf5+ 31. Kg3 Kxe7 32. Qxf8+ Kd7 33. h3 1-0